[Event "Match"]
[Site "www.echecsemail.com"]
[Date "2015.03.25"]
[Round "1"]
[White "Nimzoblanca"]
[Black "Krystek23"]
[WhiteElo "1809"]
[BlackElo "2330"]
[Result "1/2-1/2"]
[Round "1"]
1.Ng1f3 Ng8f6
2.g3 Nb8c6
3.Bf1g2 d5
4.O-O e5
5.d3 Bf8e7
6.Nb1d2 a5
7.e4 dxe4
8.dxe4 Be7c5
9.c3 O-O
10.Qd1e2 h6
11.Nd2c4 Qd8e7
12.Nf3h4 b6
13.Rf1d1 Bc8a6
14.Nh4f5 Qe7e6
15.b3 Rf8d8
16.Rd1xd8 Ra8xd8
17.Bg2h3 Ba6xc4
18.bxc4 Kh8
19.Kg2 Qe6e8
20.Qe2f3 Nf6h7
21.Qf3h5 Qe8g8
22.Bc1xh6 g6
23.Qh5h4 gxf5
24.Bh3xf5 Bc5e7
25.Qh4h5 Be7f6
26.c5 Nc6e7
27.Ra1b1 Ne7xf5
28.Qh5xf5 Rd8b8
29.Rb1b5 Qg8g6
30.Qf5xg6 fxg6
31.Bh6e3 Bf6g5
32.cxb6 cxb6
33.Rb5xb6 Rb8c8
34.Be3xg5 Nh7xg5
35.Rb6b5 Ng5xe4
36.Rb5xe5 Ne4c5
37.h4 Kg8
38.h5 Kh7
39.Re5e7 Kh6
40.hxg6 Kxg6
41.Re7a7 a4
42.f4 Rc8d8
43.Ra7a5 Nc5e4
44.Ra5xa4 Ne4xc3
45.Ra4a6 Kf5
46.Ra6a5 Ke4
47.Ra5e5 Kd4
48.g4 Nc3xa2
49.g5 Na2c3
50.Kf3 Rd8f8
51.Re5e6 Nc3d5
52.Re6e4 Kd3
53.Re4a4 Rf8g8
54.Ra4a3 Kd4
55.Ra3a4 Kd3
56.Ra4a5 Kc4
57.Kg4 Kd4
58.Ra5a7 Nd5e3
59.Kf3 Ne3c4
60.Ra7d7 Kc5
61.Rd7d1 Nc4b6
62.Kg4 Nb6c4
63.Rd1d3 Nc4d6
64.Rd3d1 Nd6e4
65.Kf5 Ne4c3
66.Rd1f1 Kd4
67.Kf6 Nc3e4
68.Kf7 Rg8b8
69.g6 Rb8b7
70.Kf8 Ne4f6
71.Rf1e1 Nf6h5
72.f5 Rb7b5
73.Re1f1 Ke5
74.g7 Rb5b8
75.Kf7 Rb8b7
76.Kg6 Nh5xg7
77.f6 Ng7e6
78.f7 Rb7b6
79.Rf1e1 Kf4
80.Re1f1 Ke4
81.Rf1e1 Kf4
82.Re1f1 Ke4
83.Rf1e1 Kf4
84.Re1f1 Ke4
85.Rf1e1 Kf4
86.Re1f1 Ke4
87.Rf1e1 Kf4
88.Re1f1 Ke4
89.Rf1e1 Kf4
90.Re1f1 Ke4
91.Rf1e1 Kf4
92.Re1f1 Ke4
93.Rf1e1 Kf4
94.Re1f1 Ke4
95.Rf1e1 Kf4
96.Re1f1 Ke4
97.Rf1e1 Kf4
98.Re1f1 Ke4
99.Rf1e1 Kf4
100.Re1f1 Ke4
101.Rf1e1 Kf4
102.Re1f1 { draw }
1/2-1/2

[Event "Match"]
[Site "www.echecsemail.com"]
[Date "2015.03.25"]
[Round "1"]
[White "Nozal"]
[Black "F14"]
[WhiteElo "1920"]
[BlackElo "1860"]
[Result "0-1"]
[Round "1"]
1.e4 e5
2.Ng1f3 Nb8c6
3.Bf1b5 Ng8f6
4.d3 d6
5.O-O Bc8d7
6.Nb1c3 Bf8e7
7.Bc1e3 O-O
8.d4 exd4
9.Nf3xd4 Nc6xd4
10.Qd1xd4 Bd7xb5
11.Nc3xb5 a6
12.Nb5c3 { time. }
0-1

[Event "Match"]
[Site "www.echecsemail.com"]
[Date "2015.03.25"]
[Round "1"]
[White "Amaya"]
[Black "Holmjb"]
[WhiteElo "1960"]
[BlackElo "2060"]
[Result "1-0"]
[Round "1"]
1.e3 c5
2.c3 d5
3.d4 e6
4.Bf1d3 c4
5.Bd3c2 b5
6.Nb1d2 Bc8b7
7.f4 g6
8.Ng1f3 Bf8g7
9.O-O Ng8e7
10.a3 O-O
11.Nf3e5 Nb8c6
12.Qd1f3 Nc6xe5
13.fxe5 a5
14.e4 Ra8b8
15.exd5 Ne7xd5
16.Bc2e4 a4
17.Qf3h3 Nd5e7
18.Be4xb7 Rb8xb7
19.Nd2e4 Ne7f5
20.Qh3f3 Rb7b8
21.Bc1g5 Qd8c7
22.Qf3h3 Kh8
23.Bg5f6 Kg8
24.Rf1xf5 exf5
25.Bf6xg7 Kxg7
26.Ne4f6 Rf8h8
27.Ra1e1 Qc7c6
28.d5 Qc6b7
29.d6 Rb8d8
30.Re1d1 Qb7c8
31.Rd1d5 Qc8c6
32.Qh3e3 Rh8e8
33.Nf6xe8 Rd8xe8
34.Qe3c5 Qc6xc5
35.Rd5xc5 Re8b8
36.Rc5c7 Kf8
37.Kf2 Rb8e8
38.Rc7c5 Re8b8
39.Kf3 Ke8
40.Kf4 h6
41.Rc5c7 Kf8
42.h3 Ke8
43.Rc7e7 Kf8
44.g4 fxg4
45.hxg4 Rb8c8
46.Re7c7 Rc8d8
47.Rc7b7 { resign }
1-0

[Event "Match"]
[Site "www.echecsemail.com"]
[Date "2015.03.25"]
[Round "1"]
[White "Zazi"]
[Black "Generalfree"]
[WhiteElo "1540"]
[BlackElo "1790"]
[Result "1/2-1/2"]
[Round "1"]
1.e4 c5
2.Nb1c3 g6
3.Qd1f3 e6
4.Nc3e2 b5
5.e5 Nb8c6
6.Qf3g3 Bf8g7
7.f4 Ng8e7
8.c3 Ne7f5
9.Qg3f3 Bc8b7
10.Qf3f2 Qd8e7
11.g4 Nf5h6
12.h3 Nc6d4
13.cxd4 Bb7xh1
14.Bf1g2 Bh1xg2
15.Qf2xg2 Ra8c8
16.Qg2b7 O-O
17.Qb7xb5 cxd4
18.Ne2xd4 Rc8b8
19.Qb5a6 Qe7b4
20.Ng1e2 Rf8c8
21.Qa6xa7 Rb8b7
22.Qa7a3 Qb4b6
23.d3 Bg7f8
24.Qa3a4 Rb7a7
25.Qa4b5 Bf8b4
26.Kf1 Qb6xb5
27.Nd4xb5 Ra7a5
28.Nb5c3 f5
29.a3 Bb4xc3
30.bxc3 fxg4
31.f5 Nh6xf5
32.hxg4 Nf5e7
33.d4 Ne7d5
34.Bc1d2 Kg7
35.c4 Nd5e3
36.Bd2xe3 Rc8xc4
37.Be3c1 Ra5a4
38.Bc1b2 Rc4c8
39.Ra1c1 Rc8f8
40.Kg2 Ra4a8
41.Rc1c7 Rf8f7
42.Ne2c3 Ra8f8
43.Nc3e4 Rf8b8
44.Bb2c3 Rb8b1
45.Ne4f6 Rb1c1
46.Nf6xd7 Rc1c2
47.Kg3 Kh6
48.d5 Rc2f2
49.Bc3d2 Rf2xd2
50.dxe6 Rd2d3
51.Kg2 Rf7f3
52.Rc7c2 Rf3g3
53.Kf2 Rg3f3
54.Kg2 Rf3g3
55.Kh2 Rg3h3
56.Kg2 Rd3g3
57.Kf2 Rg3f3
58.Kg2 Rf3g3
59.Kf2 Rg3f3
{ draw }
1/2-1/2

[Event "Match"]
[Site "www.echecsemail.com"]
[Date "2015.03.25"]
[Round "1"]
[White "Mrmoto"]
[Black "Derik"]
[WhiteElo "1580"]
[BlackElo "1460"]
[Result "1-0"]
[Round "1"]
1.e4 e6
2.d4 d5
3.Bf1d3 Ng8f6
4.Bc1g5 g6
5.e5 Bf8g7
6.exf6 Bg7xf6
7.Bg5xf6 Qd8xf6
8.c3 O-O
9.Ng1f3 Qf6f4
10.Nb1d2 Qf4g4
11.Rh1g1 Nb8c6
12.Bd3e2 b6
13.Nf3e5 Qg4f5
14.Ne5xc6 Bc8d7
15.Nc6e7 Kh8
16.Ne7xf5 exf5
17.Nd2f3 Bd7a4
18.Qd1xa4 f4
19.O-O-O Rf8e8
20.Qa4xe8 Ra8xe8
21.Be2b5 Re8e2
22.Bb5xe2 { resign }
1-0

[Event "Match"]
[Site "www.echecsemail.com"]
[Date "2015.03.25"]
[Round "1"]
[White "Drdoom"]
[Black "Generalfree"]
[WhiteElo "1720"]
[BlackElo "1820"]
[Result "0-1"]
[Round "1"]
1.e4 c5
2.Ng1f3 Nb8c6
3.c3 a6
4.d4 cxd4
5.cxd4 e6
6.a3 g6
7.Bc1e3 d5
8.e5 b5
9.b4 Qd8b6
10.Nb1c3 Ng8e7
11.a4 bxa4
12.Qd1xa4 Qb6xb4
13.Qa4xb4 Nc6xb4
14.Ra1c1 Ne7c6
15.Nc3a4 Ra8b8
16.Bf1e2 a5
17.O-O Bc8d7
18.Na4c5 h6
19.Nc5xd7 Kxd7
20.Be3d2 g5
21.Rf1d1 Bf8e7
22.Bd2c3 Nb4a2
23.Rc1c2 Na2xc3
24.Rc2xc3 Be7b4
25.Rc3c2 Rb8b6
26.Rc2a2 Rh8b8
27.h3 Bb4c3
28.Kh2 Rb6b2
29.Ra2a3 Rb2xe2
{ resign }
0-1

[Event "Match"]
[Site "www.echecsemail.com"]
[Date "2015.03.25"]
[Round "1"]
[White "Nozal"]
[Black "Stevep84"]
[WhiteElo "1920"]
[BlackElo "2110"]
[Result "0-1"]
[Round "1"]
1.e4 c6
2.d4 d5
3.e5 Bc8f5
4.g4 Bf5g6
5.Ng1f3 e6
6.Nf3g5 h6
7.Ng5f3 Bf8b4
8.c3 Bb4a5
9.h4 Nb8d7
10.Nf3d2 { time. }
0-1

[Event "1/64 Finale"]
[Site "www.chess-mail.com"]
[Date "2015.03.25"]
[Round "1"]
[White "Generalfree"]
[Black "Derfel83"]
[WhiteElo "1790"]
[BlackElo "1840"]
[Result "1-0"]
[Round "1"]
1.e4 e6
2.f4 c5
3.c4 a6
4.Nb1c3 Nb8c6
5.Ng1f3 Qd8a5
6.b3 b5
7.cxb5 axb5
8.Bf1xb5 Nc6d4
9.Bb5e2 Bc8a6
10.Be2xa6 Qa5xa6
11.d3 Ra8b8
12.Bc1b2 Qa6a5
13.O-O g6
14.Nf3xd4 cxd4
15.Nc3e2 Ng8h6
16.Bb2xd4 Rh8g8
17.h3 Bf8c5
18.Bd4xc5 Qa5xc5
19.Kh1 f5
20.e5 g5
21.Ra1c1 Qc5a5
22.a4 gxf4
23.Ne2xf4 Qa5a8
24.Qd1h5 Nh6f7
25.Qh5xh7 Rg8g5
26.Rc1c3 Rb8b4
27.Qh7h4 Rg5xg2
28.Rc3c8 Qa8xc8
29.Kxg2 Qc8c2
30.Kh1 Qc2xd3
31.Rf1g1 d6
32.Rg1g8 Kd7
33.exd6 Qd3xd6
34.Rg8g7 Rb4xf4
35.Rg7xf7 Kc6
36.Qh4e1 Rf4f3
37.Qe1c1 Kb6
38.a5 Kxa5
39.Rf7a7 Kb6
40.Qc1g1 Qd6c5
41.Ra7b7 Kc6
42.Rb7c7 { resign }
1-0

[Event "Eq:La Taverne-SIETE ESTRELLAS VERDES : "]
[Site "www.chess-mail.com"]
[Date "2015.03.25"]
[Round "1"]
[White "Paco"]
[Black "Louis"]
[WhiteElo "1910"]
[BlackElo "1870"]
[Result "1-0"]
[Round "1"]
1.e4 e5
2.Ng1f3 Nb8c6
3.d4 exd4
4.Nf3xd4 Bf8c5
5.Bc1e3 Qd8f6
6.Nd4xc6 Bc5xe3
7.fxe3 Qf6h4
8.g3 Qh4xe4
9.Rh1g1 Qe4xe3
10.Qd1e2 Qe3xe2
11.Bf1xe2 dxc6
12.Nb1c3 Ng8f6
13.O-O-O O-O
14.Rd1f1 Rf8e8
15.Rf1d1 Bc8g4
16.Be2xg4 Nf6xg4
17.h4 Ra8d8
18.Nc3a4 g6
19.Na4c5 Rd8xd1
20.Kxd1 Re8d8
21.Kc1 b6
22.Nc5a6 Rd8d7
23.Na6b8 Rd7d6
24.Rg1e1 Ng4f2
25.b3 c5
26.Re1e7 { resign }
1-0

[Event "Eq:La Taverne-Cats in the rain : "]
[Site "www.chess-mail.com"]
[Date "2015.03.25"]
[Round "1"]
[White "Xkafi"]
[Black "T9l9"]
[WhiteElo "1980"]
[BlackElo "2209"]
[Result "0-1"]
[Round "1"]
1.e4 c5
2.Bf1c4 Nb8c6
3.c3 Ng8f6
4.d3 e6
5.Ng1f3 d5
6.exd5 exd5
7.Bc4b5 Bf8e7
8.Nf3e5 Qd8c7
9.Bc1f4 Be7d6
10.d4 cxd4
11.cxd4 O-O
12.O-O Nc6xe5
13.dxe5 Bd6xe5
14.Bf4xe5 Qc7xe5
15.Nb1c3 Nf6g4
16.g3 d4
17.Rf1e1 Qe5c5
18.Bb5e2 Ng4xf2
19.Kxf2 dxc3
20.Kg2 c2
21.Qd1d3 Bc8f5
22.Qd3b3 Rf8e8
23.Be2c4 Re8xe1
24.Ra1xe1 Bf5e4
25.Kh3 Qc5h5

0-1

[Event "Tourn. n8058"]
[Site "www.chess-mail.com"]
[Date "2015.03.26"]
[Round "1"]
[White "Krasin"]
[Black "Naujzaid"]
[WhiteElo "2280"]
[BlackElo "2130"]
[Result "0-1"]
[Round "1"]
1.e4 c5
2.c3 d5
3.exd5 Qd8xd5
4.d4 Ng8f6
5.dxc5 Qd5xc5
6.Ng1f3 e6
7.Bf1d3 Bf8e7
8.O-O O-O
9.Bc1e3 Qc5c7
10.Nb1a3 a6
11.Na3c4 Nb8d7
12.Be3d4 b5
13.Nc4e5 Bc8b7
14.Qd1e2 Nd7xe5
15.Nf3xe5 Ra8d8
16.Ra1e1 Bb7d5
17.a3 Be7c5
18.Ne5g4 Bc5xd4
19.cxd4 Nf6xg4
20.Qe2xg4 Bd5c4
21.Re1e3 Bc4xd3
22.Re3xd3 Qc7c2
23.Rd3g3 g6
24.h4 Qc2xb2
25.Rf1d1 Rd8d5
26.h5 Rf8d8
27.hxg6 hxg6
28.Rg3d3 e5
29.Rd3d2 Qb2xa3
{ resign }
0-1

[Event "Tourn. n8112"]
[Site "www.chess-mail.com"]
[Date "2015.03.26"]
[Round "1"]
[White "F14"]
[Black "Louis"]
[WhiteElo "1850"]
[BlackElo "1830"]
[Result "1/2-1/2"]
[Round "1"]
1.e4 c6
2.d4 d5
3.Nb1c3 dxe4
4.Nc3xe4 Bc8f5
5.Ne4c3 Ng8f6
6.Bf1d3 Bf5xd3
7.Qd1xd3 e6
8.Ng1f3 Bf8b4
9.O-O O-O
10.Bc1g5 Nb8d7
11.Nc3e4 h6
12.Ne4xf6 Nd7xf6
13.Bg5xf6 Qd8xf6
14.c3 Bb4a5
15.Nf3e5 Ra8d8
16.Qd3g3 Ba5c7
17.Rf1e1 Bc7d6
18.Re1e3 Bd6xe5
19.Qg3xe5 Qf6xe5
20.Re3xe5 Rd8d5
21.Re5xd5 exd5
22.Ra1e1 { draw }
1/2-1/2

[Event "Tourn. n8118"]
[Site "www.chess-mail.com"]
[Date "2015.03.26"]
[Round "1"]
[White "Merimee"]
[Black "Oliverio"]
[WhiteElo "1540"]
[BlackElo "1520"]
[Result "0-1"]
[Round "1"]
1.d3 e5
2.e4 Nb8c6
3.Ng1f3 Ng8f6
4.h3 Bf8c5
5.Bc1e3 Bc5xe3
6.fxe3 d5
7.Nb1c3 dxe4
8.Nc3xe4 Nf6xe4
9.dxe4 Qd8f6
10.Bf1c4 O-O
11.O-O Qf6h6
12.Qd1e2 Bc8d7
13.Ra1d1 Ra8d8
14.b3 Kh8
15.a3 f6
16.Bc4d5 a6
17.Rd1d3 Bd7c8
18.Rf1d1 Nc6e7
19.Nf3d2 c6
20.Bd5c4 Rd8xd3
21.Qe2xd3 b5
22.Qd3d6 Qh6xe3
23.Kh2 bxc4
24.Qd6xe7 Rf8g8
25.Nd2f1 Qe3b6
26.Nf1d2 Qb6d8
27.Qe7xd8 Rg8xd8
28.Kg3 c3
{ resign }
0-1

[Event "Tourn. n8136"]
[Site "www.chess-mail.com"]
[Date "2015.03.26"]
[Round "1"]
[White "Tomasseeber"]
[Black "Obisporey"]
[WhiteElo "2240"]
[BlackElo "2540"]
[Result "0-1"]
[Round "1"]
1.Ng1f3 g6
2.e4 Ng8f6
3.e5 Nf6h5
4.b4 d6
5.Bc1b2 Bf8g7
6.h3 Nb8c6
7.Bf1b5 Bc8d7
8.Bb5xc6 Bd7xc6
9.O-O Nh5f4
10.Rf1e1 a5
11.d4 Qd8d7
12.c4 Bc6a4
13.Qd1d2 Bg7h6
14.Qd2c3 axb4
15.Qc3xb4 Nf4d3
16.Qb4xb7 O-O
17.Bb2c3 Ba4c6
18.Qb7b3 Bc6xf3
19.gxf3 Qd7xh3
20.Bc3d2 Bh6f4
21.Qb3xd3 Bf4h2
22.Kh1 Bh2g3
{ resign }
0-1

[Event "Tourn. n8012"]
[Site "www.chess-mail.com"]
[Date "2015.03.26"]
[Round "1"]
[White "Falcoale"]
[Black "Panham"]
[WhiteElo "1880"]
[BlackElo "2040"]
[Result "1/2-1/2"]
[Round "1"]
1.e4 c6
2.d4 d5
3.e5 Bc8f5
4.Nb1c3 e6
5.Ng1f3 Bf8b4
6.Bc1d2 Ng8e7
7.a3 Bb4a5
8.b4 Ba5c7
9.Nc3e2 O-O
10.Ne2g3 Bf5g6
11.Bd2f4 Nb8d7
12.Bf1e2 b6
13.O-O c5
14.dxc5 bxc5
15.c3 cxb4
16.axb4 Bc7b6
17.Nf3d4 Bb6xd4
18.cxd4 Ne7c6
19.b5 Nc6a5
20.Qd1a4 Na5c4
21.Qa4b3 Nd7b6
22.Ra1a2 Qd8d7
23.Rf1a1 Rf8c8
24.Be2f1 Rc8c7
25.Bf1e2 Nb6c8
26.Ng3f1 Nc8e7
27.Nf1e3 Nc4b6
28.Ne3c2 Bg6xc2
29.Ra2xc2 Ra8c8
30.Ra1c1 Ne7f5
31.Bf4e3 Nf5xe3
32.Rc2xc7 Rc8xc7
33.Rc1xc7 Qd7xc7
34.Qb3xe3 Qc7c2
35.h3 Qc2b2
36.Kh2 Nb6a4
37.Qe3g5 g6
38.Qg5d8 Kg7
39.Qd8f6 Kg8
40.Qf6d8 Kg7
41.Qd8f6 Kf8
42.Qf6d8 Kg7
43.Qd8f6 Kg8
{ draw }
1/2-1/2

[Event "Tourn. n8094"]
[Site "www.chess-mail.com"]
[Date "2015.03.26"]
[Round "1"]
[White "E4player"]
[Black "Gorgo"]
[WhiteElo "2470"]
[BlackElo "2210"]
[Result "1-0"]
[Round "1"]
1.e4 c5
2.Nb1c3 d6
3.Ng1e2 Ng8f6
4.d4 cxd4
5.Ne2xd4 e5
6.Bf1b5 Nb8d7
7.Nd4f5 a6
8.Bb5a4 b5
9.Ba4b3 Nd7c5
10.Bc1g5 Bc8xf5
11.exf5 Bf8e7
12.O-O O-O
13.Rf1e1 Rf8e8
14.Bg5xf6 Be7xf6
15.Qd1h5 Nc5xb3
16.axb3 d5
17.Ra1d1 d4
18.Nc3e4 b4
19.Rd1d3 Qd8e7
20.Rd3f3 h6
21.g4 Ra8c8
22.g5 Bf6xg5
23.f6 gxf6
24.h4 Bg5f4
25.Rf3xf4 exf4
26.Kh2 Rc8c6
27.Re1g1 Kh7
28.Qh5g4 Qe7f8
29.Qg4f5 Kh8
30.Ne4xf6 Rc6xf6
31.Qf5xf6 Kh7
32.Qf6f5 Kh8
33.Qf5xf4 Re8d8
34.Qf4f6 Kh7
35.Rg1g3 Rd8d6
36.Qf6f5 Kh8
37.Qf5e5 Kh7
38.Qe5e4 Kh8
39.Kg1 f5
40.Qe4e5 Kh7
41.Qe5c5 Rd6f6
42.Qc5xd4 Qf8e7
43.c4 Rf6e6
44.h5 Re6e1
45.Kh2 Qe7b7
46.f3 Re1e6
47.c5 Qb7f7
48.Rg3g6 Re6xg6
49.hxg6 Kxg6
50.Qd4xb4 Qf7e7
51.Qb4c3 Qe7e2
52.Kg1 Qe2e7
53.b4 Qe7c7
54.Kg2 Qc7c6
55.Qc3e5 h5
56.Qe5d6 { resign }
1-0

[Event "Tourn. n8149"]
[Site "www.chess-mail.com"]
[Date "2015.03.26"]
[Round "1"]
[White "Guidom"]
[Black "Averoes"]
[WhiteElo "2080"]
[BlackElo "2160"]
[Result "1-0"]
[Round "1"]
1.e4 c5
2.Ng1f3 e6
3.d4 cxd4
4.Nf3xd4 Nb8c6
5.c3 Ng8f6
6.Bf1d3 d5
7.exd5 exd5
8.O-O Bf8e7
9.Rf1e1 O-O
10.Bc1g5 h6
11.Bg5h4 Rf8e8
12.Qd1f3 Bc8g4
13.Qf3g3 g5
14.Nd4f5 Be7f8
15.Nb1d2 Qd8d7
16.Nf5e3 Bf8d6
17.Ne3xg4 { resign }
1-0

[Event "Tourn. n8124"]
[Site "www.chess-mail.com"]
[Date "2015.03.26"]
[Round "1"]
[White "Chessexpert"]
[Black "Neo"]
[WhiteElo "1600"]
[BlackElo "1740"]
[Result "1-0"]
[Round "1"]
1.e4 e6
2.d4 c6
3.Nb1c3 d5
4.Ng1f3 g6
5.exd5 cxd5
6.h4 Bf8g7
7.h5 Nb8c6
8.hxg6 hxg6
9.Rh1xh8 Bg7xh8
10.Bf1b5 Bc8d7
11.Bc1e3 Bh8g7
12.Qd1d2 Ng8f6
13.O-O-O O-O
14.Be3h6 Nf6h5
15.Bh6xg7 Kxg7
16.Rd1h1 a6
17.Bb5xc6 Bd7xc6
18.g4 Nh5f6
19.Qd2h6 Kg8
20.Qh6h8 
1-0

[Event "Tourn. n8068"]
[Site "www.chess-mail.com"]
[Date "2015.03.26"]
[Round "1"]
[White "Falcoale"]
[Black "Nimzo2"]
[WhiteElo "1860"]
[BlackElo "1659"]
[Result "0-1"]
[Round "1"]
1.e4 e6
2.d4 d5
3.e5 c5
4.Bc1e3 cxd4
5.Be3xd4 Nb8c6
6.c3 Ng8e7
7.Ng1f3 Ne7f5
8.Bf1b5 Bc8d7
9.O-O Nc6xe5
10.Bb5xd7 Ne5xd7
11.Nb1d2 Bf8e7
12.Rf1e1 O-O
13.Nd2f1 Nf5xd4
14.Nf3xd4 Ra8c8
15.Nf1e3 Nd7f6
16.Qd1e2 Rf8e8
17.Ra1d1 Qd8a5
18.Rd1a1 Be7f8
19.Nd4b3 Qa5b6
20.Ne3g4 Nf6xg4
21.Qe2xg4 Rc8c4
22.Qg4f3 a5
23.Nb3d4 Qb6xb2
24.Nd4e2 Qb2d2
25.Re1d1 Qd2h6
26.Ra1b1 Bf8d6
27.Rb1xb7 Bd6xh2
28.Kf1 Bh2c7
29.g3 Qh6g6
30.Rd1c1 h5
31.Ne2f4 Bc7xf4
32.gxf4 Qg6f5
33.Rb7b5 a4
34.Rb5b4 Re8c8
35.Rb4xc4 Rc8xc4
{ resign }
0-1

[Event "Tourn. n8108"]
[Site "www.chess-mail.com"]
[Date "2015.03.26"]
[Round "1"]
[White "Ostapbender"]
[Black "Jesmantiz"]
[WhiteElo "2660"]
[BlackElo "2270"]
[Result "1-0"]
[Round "1"]
1.Ng1f3 f5
2.d3 d6
3.e4 g6
4.exf5 Bc8xf5
5.d4 Ng8f6
6.Bf1d3 Bf5d7
7.O-O Bf8g7
8.Bc1g5 O-O
9.Rf1e1 Bd7g4
10.Nb1d2 Nb8c6
11.c3 e5
12.Qd1b3 Kh8
13.Qb3xb7 Bg4d7
14.dxe5 dxe5
15.Nd2c4 h6
16.Nc4xe5 Nc6xe5
17.Nf3xe5 Bd7e8
18.Bg5e3 Ra8b8
19.Qb7a6 Rb8xb2
20.Be3c5 Nf6d7
21.Ne5xg6 Be8xg6
22.Qa6xg6 Nd7f6
23.Bc5xf8 Bg7xf8
24.Re1e6 Rb2d2
25.Re6xf6 { resign }
1-0

[Event "Tourn. n8151"]
[Site "www.chess-mail.com"]
[Date "2015.03.26"]
[Round "1"]
[White "Woodpusher2"]
[Black "Tomasseeber"]
[WhiteElo "2600"]
[BlackElo "2190"]
[Result "1-0"]
[Round "1"]
1.e4 d5
2.exd5 Ng8f6
3.d4 Nf6xd5
4.Ng1f3 h6
5.c4 Nd5f6
6.Nb1c3 e6
7.h3 Bf8e7
8.Bf1e2 O-O
9.O-O b6
10.Nf3e5 Bc8b7
11.Be2f3 c6
12.Bc1f4 Qd8c8
13.Rf1e1 Rf8d8
14.Bf3h5 Rd8f8
15.Re1e3 g5
16.Re3g3 Nf6h7
17.Qd1d3 f5
18.Qd3e3 Qc8d8
19.h4 g4
20.Bf4xh6 Be7xh4
21.Ne5xg4 Bh4xg3
22.Qe3xg3 Kh8
23.Ng4e5 { resign }
1-0

[Event "Tourn. n8040"]
[Site "www.chess-mail.com"]
[Date "2015.03.26"]
[Round "1"]
[White "Sontuozio"]
[Black "Krasin"]
[WhiteElo "2160"]
[BlackElo "2270"]
[Result "0-1"]
[Round "1"]
1.d4 f5
2.Ng1f3 Ng8f6
3.g3 g6
4.Bf1g2 Bf8g7
5.c3 O-O
6.Nf3e5 d6
7.Qd1b3 d5
8.Bc1f4 e6
9.Nb1d2 Nf6e4
10.Nd2xe4 fxe4
11.h4 Nb8d7
12.Bg2h3 Nd7xe5
13.Bf4xe5 Bg7xe5
14.dxe5 c5
15.O-O Qd8c7
16.Ra1d1 Qc7xe5
17.Qb3b5 Qe5c7
18.e3 Bc8d7
19.Qb5e2 Rf8f3
20.Bh3g2 Rf3f6
21.f4 exf3
22.Rf1xf3 Rf6xf3
23.Qe2xf3 Ra8f8
24.Qf3g4 Kg7
25.h5 Rf8f6
26.Kh2 Qc7e5
27.hxg6 Rf6xg6
28.Qg4f4 Qe5h5
29.Qf4h4 Qh5xd1
30.Qh4e7 Kh6
31.Qe7xd7 Qd1g4
32.Qd7d6 Qg4h5
33.Bg2h3 Rg6f6
34.g4 Qh5h4
35.Kg2 Qh4f2
36.Kh1 Qf2xe3
37.Bh3g2 Qe3c1
38.Kh2 Qc1f4
39.Qd6xf4 Rf6xf4
{ resign }
0-1

[Event "Tourn. n8098"]
[Site "www.chess-mail.com"]
[Date "2015.03.26"]
[Round "1"]
[White "Szustan"]
[Black "Cathar"]
[WhiteElo "2620"]
[BlackElo "2230"]
[Result "1/2-1/2"]
[Round "1"]
1.e4 e6
2.d4 d5
3.Nb1c3 Ng8f6
4.Bc1g5 Bf8b4
5.e5 h6
6.exf6 hxg5
7.fxg7 Rh8g8
8.h4 gxh4
9.Qd1g4 Qd8f6
10.Ng1f3 Nb8c6
11.Rh1xh4 Rg8xg7
12.Rh4h8 Bb4f8
13.Qg4h4 Qf6xh4
14.Rh8xh4 Bc8d7
15.O-O-O O-O-O
16.g3 Nc6e7
17.Rh4h1 Ne7g6
18.Bf1d3 c5
19.Nf3d2 cxd4
20.Nc3b5 Bd7xb5
21.Bd3xb5 e5
22.Bb5d3 Bf8c5
23.Rh1h5 f6
24.Nd2b3 Bc5b6
25.Bd3f5 Kb8
26.Rh5h6 Rd8g8
27.Bf5e6 Rg8d8
28.Be6f5 { draw }
1/2-1/2

[Event "Tourn. n7979"]
[Site "www.chess-mail.com"]
[Date "2015.03.26"]
[Round "1"]
[White "Kesalon"]
[Black "Swampcat"]
[WhiteElo "1800"]
[BlackElo "1230"]
[Result "0-1"]
[Round "1"]
1.e4 e6
2.d4 d5
3.Nb1c3 c5
4.Bf1b5 Bc8d7
5.Bb5xd7 Nb8xd7
6.Ng1f3 cxd4
7.Nf3xd4 Bf8c5
8.Nd4b3 dxe4
9.Nc3xe4 Qd8b6
10.Nb3xc5 Nd7xc5
11.Ne4d6 Ke7
12.Nd6c4 Qb6b4
13.Nc4d2 Ra8d8
14.c3 Nc5d3
15.Kf1 Qb4b6
16.Qd1e2 Nd3xc1
17.Ra1xc1 Qb6xb2
18.Qe2e1 Qb2xd2
{ resign }
0-1

[Event "Match"]
[Site "www.echecsemail.com"]
[Date "2015.03.26"]
[Round "1"]
[White "Capitaine"]
[Black "Joseph1983"]
[WhiteElo "2310"]
[BlackElo "2160"]
[Result "1-0"]
[Round "1"]
1.d4 Ng8f6
2.Ng1f3 g6
3.c4 d5
4.Nb1c3 Bf8g7
5.cxd5 Nf6xd5
6.e4 Nd5xc3
7.bxc3 O-O
8.h3 c5
9.Bc1e3 cxd4
10.cxd4 Nb8c6
11.Bf1c4 Qd8a5
12.Qd1d2 Qa5xd2
13.Kxd2 Nc6a5
14.Bc4d3 Bc8e6
15.Ke2 Ra8c8
16.Rh1c1 Be6c4
17.Be3g5 e6
18.Bg5d2 Bc4xd3
19.Kxd3 Na5c6
20.Ra1b1 b6
21.Rc1c2 Nc6e7
22.Rb1c1 Rc8xc2
23.Rc1xc2 Rf8c8
24.Rc2xc8 Ne7xc8
25.Bd2b4 Bg7f8
26.Bb4d2 Nc8d6
27.Nf3e5 f6
28.Ne5c6 Nd6c8
29.Nc6d8 e5
30.dxe5 fxe5
31.Nd8c6 Bf8g7
32.Bd2c3 Kf7
33.Bc3xe5 Bg7xe5
34.Nc6xe5 Ke6
35.Kd4 Nc8d6
36.Ne5c4 Nd6b5
37.Kd3 g5
38.g3 h5
39.f4 gxf4
40.gxf4 Nb5c7
41.Nc4e3 Nc7e8
42.Kd4 Ne8d6
43.f5 Ke7
44.e5 Nd6b5
45.Kc4 Nb5c7
46.Ne3d5 { resign }
1-0

[Event "Match"]
[Site "www.echecsemail.com"]
[Date "2015.03.26"]
[Round "1"]
[White "Micheles"]
[Black "Vinvangogh"]
[WhiteElo "2550"]
[BlackElo "1269"]
[Result "1-0"]
[Round "1"]
1.d4 Ng8f6
2.Ng1f3 d5
3.Bc1g5 Nf6e4
4.Bg5h4 Nb8c6
5.c3 b5
6.e3 Bc8b7
7.Bf1xb5 a6
8.Bb5a4 f6
9.Qd1b3 g5
10.Qb3xb7 Kf7
11.Ba4xc6 Bf8h6
12.Bc6xd5 Kg7
13.Bd5xe4 Ra8b8
14.Qb7xa6 gxh4
15.Nf3xh4 e5
16.Nh4f5 Kf8
17.Qa6a3 Ke8
18.Nf5xh6 Qd8d6
19.Qa3a4 Kf8
20.Qa4c4 Kg7
21.Nh6f5 Kf8
22.Nf5xd6 cxd6
23.Qc4e6 Kg7
24.Qe6e7 Kh6
25.Qe7xf6 Kh5
26.Be4f3 { resign }
1-0

[Event "Match"]
[Site "www.echecsemail.com"]
[Date "2015.03.26"]
[Round "1"]
[White "Bbking"]
[Black "Generalfree"]
[WhiteElo "1560"]
[BlackElo "1710"]
[Result "0-1"]
[Round "1"]
1.e4 e5
2.Ng1f3 Nb8c6
3.Bf1b5 Ng8e7
4.Bb5xc6 Ne7xc6
5.d4 Bf8d6
6.d5 Nc6e7
7.Nb1c3 b6
8.Bc1g5 f6
9.Bg5h4 g5
10.Bh4g3 h5
11.O-O h4
12.Bg3xe5 Bd6xe5
13.Nf3xe5 fxe5
14.h3 d6
15.g4 hxg3
16.fxg3 Rh8xh3
17.Rf1f3 Bc8g4
18.Kg2 Qd8d7
19.Qd1d3 Bg4xf3
20.Qd3xf3 O-O-O
21.Ra1h1 Rh3xh1
22.Kxh1 Qd7h3
23.Kg1 Rd8h8
24.Kf2 g4
25.Qf3f7 Qh3h2
26.Ke3 Qh2xg3
27.Kd2 Rh8h2
28.Kc1 Qg3e3
{ resign }
0-1

[Event "Match"]
[Site "www.echecsemail.com"]
[Date "2015.03.26"]
[Round "1"]
[White "Gimmyg"]
[Black "Castletyme"]
[WhiteElo "1729"]
[BlackElo "1850"]
[Result "1-0"]
[Round "1"]
1.d4 d5
2.Ng1f3 Nb8c6
3.e3 Bc8g4
4.a3 Bg4xf3
5.Qd1xf3 Ng8f6
6.c4 e6
7.b4 dxc4
8.Bf1xc4 Bf8e7
9.Bc1b2 O-O
10.O-O Nf6d5
11.Nb1c3 Nd5xc3
12.Bb2xc3 Be7f6
13.b5 Nc6e7
14.Qf3xb7 Ne7d5
15.Bc3a5 Bf6g5
16.Bc4xd5 exd5
17.Ra1c1 Qd8d6
18.Ba5b4 Qd6d8
19.Bb4xf8 Kxf8
20.Rc1xc7 Bg5e7
21.Rc7xe7 { resign }
1-0

[Event "Match"]
[Site "www.echecsemail.com"]
[Date "2015.03.26"]
[Round "1"]
[White "Irene"]
[Black "Gambitmiau"]
[WhiteElo "1990"]
[BlackElo "1800"]
[Result "1-0"]
[Round "1"]
1.d4 d5
2.Nb1c3 e6
3.Ng1f3 Bf8b4
4.Bc1d2 Ng8f6
5.Nc3b5 Bb4xd2
6.Qd1xd2 O-O
7.e3 Nf6e4
8.Qd2d3 c6
9.Nb5c3 Ne4xf2
10.Kxf2 a5
11.Bf1e2 b6
12.Rh1f1 c5
13.Nf3e5 c4
14.Qd3d1 f6
15.Ne5f3 Bc8a6
16.a4 Nb8c6
17.Nc3b5 Nc6e7
18.b3 Ba6xb5
19.axb5 Ne7c8
20.bxc4 Nc8d6
21.c5 bxc5
22.dxc5 Nd6e4
23.Kg1 Ne4c3
24.Qd1d2 Nc3e4
25.Qd2d4 Ra8b8
26.b6 Qd8c8
27.Ra1xa5 Qc8c6
28.Be2d3 Rb8a8
29.Ra5xa8 Rf8xa8
30.Bd3xe4 dxe4
31.Nf3d2 Kf7
32.Qd4xe4 Qc6b7
33.Rf1b1 Qb7b8
34.b7 Ra8a7
35.c6 f5
36.Qe4f3 { resign }
1-0

[Event "Match"]
[Site "www.echecsemail.com"]
[Date "2015.03.26"]
[Round "1"]
[White "Chessexpert"]
[Black "Mrmoto"]
[WhiteElo "1600"]
[BlackElo "1580"]
[Result "1-0"]
[Round "1"]
1.d4 Ng8f6
2.c4 e6
3.g3 Bf8b4
4.Bc1d2 d5
5.cxd5 Nf6xd5
6.Bf1g2 Bb4xd2
7.Nb1xd2 O-O
8.e3 Nd5b4
9.Nd2b3 Nb8c6
10.a3 Nb4d5
11.Ng1e2 Nc6e7
12.O-O b6
13.Ra1c1 Bc8b7
14.Qd1d2 Qd8d6
15.e4 { resign }
1-0

[Event "Match"]
[Site "www.echecsemail.com"]
[Date "2015.03.26"]
[Round "1"]
[White "Expert"]
[Black "Caspito"]
[WhiteElo "1680"]
[BlackElo "1850"]
[Result "1-0"]
[Round "1"]
1.Ng1f3 Nb8c6
2.e4 e5
3.Bf1b5 a6
4.Bb5xc6 dxc6
5.d4 Bc8g4
6.dxe5 Qd8xd1
7.Kxd1 O-O-O
8.Ke1 Bf8c5
9.Nb1c3 Ng8e7
10.h3 Bg4xf3
11.gxf3 Ne7g6
12.f4 Rh8f8
13.Rh1g1 Rf8g8
14.a3 Ng6h4
15.Ke2 h6
16.Bc1e3 Bc5xe3
17.Kxe3 Nh4g6
18.Ra1d1 b5
19.Nc3e2 Ng6e7
20.Rd1xd8 Rg8xd8
21.Rg1xg7 Rd8f8
22.Ne2d4 c5
23.Nd4f5 Ne7g6
24.Nf5xh6 Ng6h8
25.Rg7g8 Rf8xg8
26.Nh6xg8 Kd7
27.f5 Ke8
28.Ng8f6 Ke7
29.h4 a5
30.c3 c6
31.Kf4 { resign }
1-0

[Event "Match"]
[Site "www.echecsemail.com"]
[Date "2015.03.26"]
[Round "1"]
[White "Nestor"]
[Black "Xkafi"]
[WhiteElo "2070"]
[BlackElo "1970"]
[Result "1-0"]
[Round "1"]
1.e4 e5
2.Nb1c3 Bf8c5
3.Bf1c4 d6
4.Ng1e2 Bc8g4
5.O-O Qd8h4
6.Nc3d5 Qh4d8
7.Kh1 Ng8f6
8.f3 Bg4d7
9.d4 exd4
10.Ne2xd4 c6
11.Nd5xf6 Qd8xf6
12.c3 b5
13.Bc4b3 b4
14.Bc1e3 bxc3
15.bxc3 Bc5b6
16.Qd1d2 h6
17.f4 c5
18.Nd4e2 Bd7c6
19.e5 Qf6g6
20.Ne2g3 d5
21.f5 Qg6h7
22.Bb3xd5 O-O
23.e6 Bc6xd5
24.Qd2xd5 Nb8a6
25.exf7 Rf8xf7
26.Qd5xa8 Rf7f8
27.Qa8d5 Kh8
28.Ra1d1 Na6c7
29.Qd5c6 Qh7g8
30.Rd1d7 Nc7e8
31.Be3xh6 { resign }
1-0